Quizzes
Events
Quiz Creation
Community
Videos
Private Events
Remove Ads
Sign In
Join for FREE
Feedback
Dark Mode
Quiz Categories
Sports
Geography
Music
Movies
Television
Just For Fun
Miscellaneous
History
Literature
Language
Science
Gaming
Entertainment
Religion
Holiday
For Kids
Quiz Lab
Recent
Popular Today
Quiz Kudos Today
Editor Picks
Curator Picks
Quizzes by...
Day
Popularity
Type
Ratings
Length
Year
Community
Subscriptions
Recent Discussions
Orange Saloon
Badges
Playlists
Quests
Create
Leaderboards
Showdown
Live 5
Trivia Bingo
Activity
Puzzle Library
Sporcle Events
Private Events
Virtual Trivia
Globe League
Become a Host
Pub Owners
SporcleCon
Opinionation
Our Games
Videos
Blog
Mobile Apps
Partnerships
Remove Ads and Go Orange
Feedback
Geography
Country
Landmarks
City
State
Population
World
Capital
Continent
Flags
Europe
Africa
Asia
South America
North America
Oceania
Border
Canada
United Kingdom
Topography
United States
Geography
Country
Landmarks
City
State
Population
World
Capital
Continent
Flags
Europe
Africa
Asia
South America
North America
Oceania
Border
Canada
United Kingdom
Topography
United States
Random Quiz
Search Sporcle
×
Quiz Lab
Quiz Lab
Geography
City
Type in answers that appear in a list
Type in answers that appear in a list
Classic
Best Score? Go Orange.
Most Populous By State Stats
Can you name the most populous city in each state?
By
JohnFran
10m
50 Questions
4,946 Plays
4,946 Plays
4,946 Plays
Comments
Comments
Give Quiz Kudos
Give Quiz Kudos
-
- Ratings
hide this ad
Replay
Link that replays current quiz
Next Quiz
Link to next quiz in quiz playlist
You Got
0%
They Got
Avg Score
78%
Avg Friend Score
Upgrade to see
Score Distribution
Jump to the score distribution portion of the page
Score
0/50
Timer
10:00
0
Plays Today
Hint
Answer
% Correct
California
Los Angeles
97.4%
New York
New York City
96.5%
Illinois
Chicago
95.1%
Massachusetts
Boston
93.7%
Colorado
Denver
92.9%
Arizona
Phoenix
92.7%
Nevada
Las Vegas
92.7%
Georgia
Atlanta
92.6%
Texas
Houston
92.2%
Hawaii
Honolulu
91.5%
Washington
Seattle
90.6%
Indiana
Indianapolis
90.2%
Michigan
Detroit
90%
Louisiana
New Orleans
90%
Pennsylvania
Philadelphia
89.3%
Utah
Salt Lake City
88.5%
Oregon
Portland
88%
Oklahoma
Oklahoma City
87.6%
Minnesota
Minneapolis
85.7%
Alaska
Anchorage
85.2%
Tennessee
Nashville
84.8%
Mississippi
Jackson
84.7%
Missouri
Kansas City
84.7%
Florida
Jacksonville
82.9%
Arkansas
Little Rock
82.7%
Hint
Answer
% Correct
Idaho
Boise
82.6%
Maine
Portland
82.1%
Maryland
Baltimore
82%
Ohio
Columbus
80.7%
Iowa
Des Moines
77.3%
North Carolina
Charlotte
76.7%
New Mexico
Albuquerque
76.5%
Rhode Island
Providence
76.4%
Wisconsin
Milwaukee
76.1%
Kentucky
Louisville
74.2%
Nebraska
Omaha
73.1%
Alabama
Birmingham
71%
Wyoming
Cheyenne
71%
West Virginia
Charleston
69.6%
New Jersey
Newark
67.2%
South Carolina
Columbia
64.3%
Virginia
Virginia Beach
62.7%
North Dakota
Fargo
61.4%
Kansas
Wichita
60.2%
Montana
Billings
56%
South Dakota
Sioux Falls
53.6%
Delaware
Wilmington
52.7%
Vermont
Burlington
50%
New Hampshire
Manchester
45.6%
Connecticut
Bridgeport
42.6%
Quiz Playlist
Details
Report
Send in Message
Add To Playlist
Classic:
Type in answers that appear in a list
Quiz Source
Last Updated: Nov 30, 2020
Quiz Scoreboard
CHALLENGE
Sign Up to Join the Scoreboard
Show All
Scores
Hide
Comments
May contain spoilers
Recently Published
College Basketball Coaching Resumes
by pancakes188
Sports
9m
Billboard Blitz: Fleetwood Mac
by CooCooCachoo
Music
15s
Presidents Visiting Landmarks
by Hejman
History
7m
More to Explore
Quiz From the Vault
Featured Blog Post
Where Did the Easter Bunny Come From?
hide this ad
You Might Also Like...
Tags
City Quiz
State Quiz
Today's Top Quizzes in Geography
Browse Geography
hide this ad
Today's Top Quizzes in City
Browse City
Top Contributed Quizzes in Geography
1
Countries of the World - No Outlines Minefield
2
Top 25 Cities of France on a map
3
Any capital of a 'B' country per Continent
4
Any capital of a 'C' country per Continent
5
Closest Countries to UK A-Z
6
Any capital of a 'D' country per Continent
7
5-to-1: US Geography No Hints
8
Any capital of an 'E' country per Continent
9
One Thing in Common: United Kingdom
10
Click the Alabama Counties! (Map)
Explore More
Trending Topics
NBA
Crossword
Disney
Kpop
Marvel
Anime
Harry Potter
NFL
The Office
Soccer
WWE
Song
Puzzle
Country
Pokémon
hide this ad
More By:
JohnFran
Quiz
Plays
Rating
Category
Featured
Created
Pick 6: Landmarks
150,530
4.39
Geography
Dec 22, 2020
Anything but State Capitals
148,641
4.43
Geography
Jan 27, 2018
States With a Top 50 City Minefield
117,904
4.47
Geography
Jan 24, 2018
Anything but the NBA
106,591
4.40
Sports
Mar 7, 2018
Pick 6: Countries
102,485
4.57
Geography
Dec 20, 2020
Go to Creator's Profile
Score Distribution
Quiz Creator Spotlight
JohnFran
Follow
Send a Message
Quizzes Created
-
Created Quiz Play Count
-
More By This Creator
Popular Quizzes Today
1
Find the US States - No Outlines Minefield
2
Find the Countries of Europe - No Outlines Minefield
3
The Countries of the World
4
Find the US States
5
Risky Map Clicking: Biggest States A-Z
6
US States
7
Popular People in 1961
8
Movies - When Are They Set?
More Geography Quizzes
Geography 7 to 1: Letter 'T'
Published
Trending Quizzes
Risky Map Clicking: Least Populous States A-Z
1-10 Letter G Words
1-10 Letter F Words
Risky Map Clicking: Next State Alphabetically
Click the Washington State Counties! (Map)
Recently Updated
Leaping Animals
pecheneg
Reality TV Shows (A-Z)
bhenderson79
Rickey Henderson's Hall of Fame Teammates
pecheneg
Champions League XIs: Arsenal
pecheneg
Quick Pick: Celebrities in WWE's Hall of Fame
aduchscher
A-Z Keypad Blitz II
pecheneg
Multiple Oscar Actors
pecheneg
Mystery Phrase Blitz: Oscar 'Best Actors'
pecheneg
F. Scott Fitzgerald Novels
LTH
Pick 3 Villains
ddd62291
Trending Topics
Marvel
Kpop
Disney
Harry Potter
Crossword
Anime
NBA
Soccer
The Office
WWE
Puzzle
Pokémon
Country
NFL
Song
Your Account Isn't Verified!
In order to create a playlist on Sporcle, you need to verify the email address you used during registration. Go to your
Sporcle Settings
to finish the process.
Report this User
Report this user for behavior that violates our
Community Guidelines
.
Details:
Send Report
Go to the Sporcle.com Mobile Site →
Comments